书目信息 |
| 题名: |
公路工程造价与招投标
|
|
| 作者: | 高峰 , 张求书 主编 | |
| 分册: | ||
| 出版信息: | 北京 北京理工大学出版社 2020.01 |
|
| 页数: | 368页 | |
| 开本: | 26cm | |
| 丛书名: | ||
| 单 册: | ||
| 中图分类: | U415.13 | |
| 科图分类: | ||
| 主题词: | 道路工程--dao lu gong cheng--工程造价--高等学校--教材 , 道路工程--dao lu gong cheng--招标--高等学校--教材 , 道路工程--dao lu gong cheng--投标--高等学校--教材 | |
| 电子资源: | ||
| ISBN: | 978-7-5682-7938-3 | |
| 000 | 01163nam0 2200289 450 | |
| 001 | 202020140305 | |
| 005 | 20200926181352.0 | |
| 010 | @a978-7-5682-7938-3@dCNY86.00 | |
| 100 | @a20200918d2020 em y0chiy50 ea | |
| 101 | 0 | @achi |
| 102 | @aCN@b110000 | |
| 105 | @aak a 000yy | |
| 106 | @ar | |
| 200 | 1 | @a公路工程造价与招投标@Agong lu gong cheng zao jia yu zhao tou biao@f主编高峰, 张求书 |
| 205 | @a第2版 | |
| 210 | @a北京@c北京理工大学出版社@d2020.01 | |
| 215 | @a368页@c图@d26cm | |
| 320 | @a有书目 (第368页) | |
| 330 | @a本书以公路工程造价与招投标文件编制流程为主线, 以实际工程项目为载体, 共设置了六个学习情境, 主要内容包括认知公路工程造价、公路工程定额运用、公路工程工程量计量、公路工程概、预算文件的编制、公路工程施工招标、投标文件的编制、公路工程造价软件应用等内容。 | |
| 606 | 0 | @a道路工程@Adao lu gong cheng@x工程造价@x高等学校@j教材 |
| 606 | 0 | @a道路工程@Adao lu gong cheng@x招标@x高等学校@j教材 |
| 606 | 0 | @a道路工程@Adao lu gong cheng@x投标@x高等学校@j教材 |
| 690 | @aU415.13@v5 | |
| 701 | 0 | @a高峰@Agao feng@4主编 |
| 701 | 0 | @a张求书@Azhang qiu shu@4主编 |
| 801 | 0 | @aCN@c20200401 |
| 905 | @a河南城建学院图书馆@dU415.13@eG122 | |
| 公路工程造价与招投标/主编高峰, 张求书.-第2版.-北京:北京理工大学出版社,2020.01 |
| 368页:图;26cm |
| ISBN 978-7-5682-7938-3:CNY86.00 |
| 本书以公路工程造价与招投标文件编制流程为主线, 以实际工程项目为载体, 共设置了六个学习情境, 主要内容包括认知公路工程造价、公路工程定额运用、公路工程工程量计量、公路工程概、预算文件的编制、公路工程施工招标、投标文件的编制、公路工程造价软件应用等内容。 |
| ● |
| 相关链接 |
|
|
|
正题名:公路工程造价与招投标
索取号:U415.13/G122
 
预约/预借
| 序号 | 登录号 | 条形码 | 馆藏地/架位号 | 状态 | 备注 |
| 1 | 1490527 | 214905272 | 自科库501/501自科库 52排2列1层/ [索取号:U415.13/G122] | 在馆 |